La ciudad: un espacio educativo. Guía metodológica. Ojo con Viña del Mar

Spremljeno u:
Bibliografski detalji
Glavni autori: Miranda H., Irene (autora), Piñera E., Magdalena (Autor)
Format: Knjiga
Jezik:španjolski
Izdano: Santiago Fundación Futuro 2007
Izdanje:1a. ed
Serija:Ojo con la Ciudad
Teme:
Oznake: Dodaj oznaku
Bez oznaka, Budi prvi tko označuje ovaj zapis!

MARC

LEADER 00000nam a2200000 a 4500
001 UCG1528
003 CL-VaPUC
008 100506e20070000CL |||||||||||||||||spa|d
082 0 4 |a 918  |b MIR  |2 21 
100 |a Miranda H., Irene  |e autora  |9 553253 
700 0 |a Piñera E., Magdalena  |e author  |9 549497 
245 1 3 |a La ciudad: un espacio educativo. Guía metodológica. Ojo con Viña del Mar 
250 |a 1a. ed 
300 |a 31 p 
942 |c BK 
945 |d 20100506 00:00:00  |a cmena 
260 |a Santiago  |b Fundación Futuro  |c 2007 
500 |a Visita: www.fundacionfuturo.cl 
650 7 |a GUIAS TURISTICAS  |2 CL-VaPUC  |9 346990 
650 0 |a Turismo  |9 308920 
650 0 |a Ciudades  |9 265474 
650 0 |a Patrimonio cultural  |9 309364 
650 0 |a Historia de Chile  |9 265473 
651 7 |a CHILE  |2 CL-VaPUC  |9 549498 
651 0 |a Viña del Mar  |9 327030 
583 |a last modification  |c 20100506 00:00:00  |k Rodrigo Vera 
490 0 |a Ojo con la Ciudad 
999 |c 340877  |d 340875 
952 |0 0  |1 0  |4 0  |6 918_000000000000000_MIR_2007  |7 0  |8 C  |9 436013  |a BIBCUR  |b BIBCUR  |d 2019-11-22  |i 4671686  |l 1  |o 918 MIR 2007  |p 4671686  |r 2025-04-22  |s 2024-09-09  |w 2019-11-22  |y BK  |k EXP